000 01237nam a2200289Ia 4500
001 91911
003 IT-RoPAU
008 130308s9999 xx 000 0 und d
040 _aIT-RoPAU
040 _cIT-RoPAU
041 _aITALIANO
100 _aFusco Vittorio
100 _gCodice Aut. SPICS: 32133
245 _aDalla missione di Galilea alla missione universale. La tradizione del discorso missionario
245 _bMissione nel Mondo Antico e nella Bibbia (La)
250 _a1a ed.
260 _aBOLOGNA
260 _bEDB - Edizioni Dehoniane
260 _c1990 [1° Ed.:1990 - Ed.Ling.Originale:1988]
300 _a"25 p. (prefazione: no ; testo: 25 [pagine: 101-125])"
500 _a"Discorso missionario In: Mt 9,35 10,42; Mc 6,7 13; Lc 9,1 6; 10,1 16 Dai Vangeli a Gesu' Dalle Redazioni Sinottiche Alle Tradizioni Soggiacenti Dalla Tradizione a Gesu' Elementi Postpasquali Nucleo Risalente a Gesu' Senso delle Direttive Missionarie nel Contesto del Ministero di Gesu' Orizzonte Escatologico Direttive Sull'Equipaggiamento da Gesu' Ai Vangeli nel Contesto di Matteo Marco Luca"
650 _aSTUDI/COMMENTI SULLA BIBBIA
650 _eCodice materia Spics: 9052
942 _cBK
957 _71
999 _c86822
_d86822
999 _g1